000 00304nam a22001457a 4500
003 SGT
082 _a617.7
_bS16S
100 _aSHARMA, PRADEEP
245 _aSTRABISMUS SIMPLIFIED
250 _a2ND
260 _aINDIA
_bCBS
_c2016
300 _a278
650 _aOPHTHALMOLOGY
942 _2ddc
_cBK
_06
999 _c14559
_d14559